000 00533nam a2200169Ia 4500
008 240729s9999 xx 000 0 und d
022 _a2688-8130
245 0 _aInnovations in Digital Health, Diagnostics, and Biomarkers
260 _aUnited States
260 _bInnovative Healthcare Institute
650 _a Computer applications to medicine. Medical informatics
650 _a Medicine (General)
650 _aMedicine
856 _uhttps://doaj.org/toc/95f7bf5daf4945948b43aa70ce57c46a
942 _2ddc
942 _cDOAJEJ
999 _c73531
_d73531
945 _a1
_bMadushi Gamage
_c1
_dMadushi Gamage